1051 1274 1984 1864 1267 1595 1495 1599 1527 1254 1442 1347 1542 1968 1976 1964 1710 1288 1203 1063 1916 1879 1339 1234 1188 1720 1262 1331 1448 1942 1935 1451 1142 1337 1891 1816 1058 1216 1172 1262 1939 1991 1050 1004 1621 1923 1851 1200 1112 1339 1938 1809 1850 1394 1474 1381 1639 1613 1695 1187 1563 1872 1484 1408 1610 1600 1903 1545 1433 1774 1595 1320 1527 1923 1550 1537 1220 1527 1482 1300 1683 1640 1308 1337 1123 1649 1265 1952 1901 1013 1984 1564 1961 1908 1026 1534 1108 1294 1359 BCNSPRNW ULIB Ver.6.0+V

เปลี่ยนเป็นภาษาไทย

Change to English
 แสดงรายละเอียดบรรณานุกรม
  กลับหน้าหลัก

Brief Record : Get Marc (ISO 2709) : E-mail record : QR code < ปิดหน้าต่าง
LEADER : 00000nam 2200000uu 4500
001    13399111238
003     ULIB
008    110621s||||||||th 000 0 tha d
020    9786117013041
050  4 BF698^bร123ข 2552
100 0  รณชัย ธรรมปรีดา
245 10 10 ขั้นตอนเปลี่ยนบุคลิก /^cรณชัย ธรรมปรีดา
260    กรุงเทพฯ :^bDดี,^c2552
300    224 หน้า
650  4 การพัฒนาตนเอง
945    ^p175^l0^i027278
945    ^p175^l0^i027279
995    ทศพร
999 ^a ใช้งานได้ทุกระบบ
รายการนี้ยังไม่มีแท็ก
คุณยังไม่ได้ล็อกอิน คุณสามารถมีกิจกรรมร่วมกับเว็บไซต์ได้ แต่ต้องล็อกอินก่อน ::
  ล็อกอิน

รายการสื่อสารสนเทศ

ลำดับที่ ประเภท เลขเรียก/บาร์โค้ด สถานที่ สถานะ
- ไม่พบข้อมูล -

รายการใกล้เคียง
    หัวเรื่อง [การพัฒนาตนเอง]

BibComment


ยังไม่เคยถูกคอมเมนท์

คอมเมนท์ทรัพยากรรายการนี้
  คอมเมนท์: 10 ขั้นตอนเปลี่ยน..


 Copyright 2026. Bcnsprnw @Library